Historia argentina, tomo 16 : la revolución argentina /

Guardado en:
Autor Principal: Rosa, José María
Otros Autores: Cantoni, Juan Carlos, Chavez, Fermín, Manson, Enrique, Sulé, Jorge
Formato: Libro
Publicado: Buenos Aires : Oriente, 1993
Materias:
Etiquetas: Agregar Etiqueta
Sin Etiquetas, Sea el primero en etiquetar este registro!
LEADER 01518nam a22002895a 4500
001 CEM.cems007605
005 20100608103535.0
008 130507s1993##################000#0#####d
003 CEMS
020 |a 9508100249 
082 0 4 |a 982.06 
100 1 |a Rosa, José María 
245 1 0 |a Historia argentina, tomo 16 :  |b la revolución argentina /  |c Fermín Chavez ... [et Al.] 
260 |a Buenos Aires :  |b Oriente,  |c 1993 
300 |a 247 p. 
500 |a Homenaje a José María Rosa 
505 0 |a Los presidentes tutelados -- la presidencia de Guido -- En el occidente cristiano -- Proscripción peronista y gobierno radical -- Contratos petroleros y acuerdos militares -- Relaciones con América Latina -- Límites y soberanía -- La caída Illia -- Onganía -- Los revolucionarios mas corteses -- La derrota del lobo -- El tiempo económico -- De la seguridad nacional a la seguridad continental -- Monarquía absoluta -- El cordobazo -- Entre Estados Unidos y América Latina -- El secuestro de Aramburu --El gran acuerdo nacional -- Los días de Levingston -- Lanusse y Perón -- Las fracturas de la sociedad -- Cuestiones de soberanía territorial 
653 |a Historia argentina 
653 |a Cordobazo 
653 |a Guido-presidencia 
653 |a Historia argentina 1945-1976 
653 |a Revolución argentina 
700 1 |a Cantoni, Juan Carlos 
700 1 |a Chavez, Fermín 
700 1 |a Manson, Enrique 
700 1 |a Sulé, Jorge 
859 |a CEMS  |b BIB. CEMS - 11 de abril  |h 982.06  |i R71  |p 17744.94  |t Ej.1  |v 16  |3 16